Chemical process principles (Record no. 19036)

000 -LEADER
fixed length control field 00586nam a22002171 4500
001 - CONTROL NUMBER
control field 19036
003 - CONTROL NUMBER IDENTIFIER
control field BD-DhUET
008 - FIXED-LENGTH DATA ELEMENTS--GENERAL INFORMATION
fixed length control field 840614m19549999nyua 000 0 eng
040 ## - CATALOGING SOURCE
Original cataloging agency DLC
Transcribing agency DLC
Modifying agency BD-DhUET
082 00 - DEWEY DECIMAL CLASSIFICATION NUMBER
Classification number 660.284
Item number HOU/1960
100 1# - MAIN ENTRY--PERSONAL NAME
Personal name Hougen, Olaf A.
245 10 - TITLE STATEMENT
Title Chemical process principles
250 ## - EDITION STATEMENT
Edition statement 2nd ed.
260 ## - PUBLICATION, DISTRIBUTION, ETC. (IMPRINT)
Place of publication, distribution, etc. New York
Name of publisher, distributor, etc. John Wiley & Sons
Date of publication, distribution, etc. 1959
300 ## - PHYSICAL DESCRIPTION
Extent xviii, (505-1072)p.
Other physical details illus
Dimensions 24 cm.
500 ## - GENERAL NOTE
General note Part- II, Thermodynamics
650 #0 - SUBJECT ADDED ENTRY--TOPICAL TERM
Topical term or geographic name as entry element Chemical engineering
700 ## - ADDED ENTRY--PERSONAL NAME
Personal name Watson, Kenneth M.
700 ## - ADDED ENTRY--PERSONAL NAME
Personal name Ragatz, Roland A.
942 ## - ADDED ENTRY ELEMENTS (KOHA)
Koha item type General Book
Holdings
Koha full call number Copy number Price effective from Date acquired Koha date last seen Location (home branch) Koha normalized classification for sorting Koha item type Piece designation (barcode) Shelving location Withdrawn status Sublocation or collection (holding branch) Not for loan Damaged status Source of classification or shelving scheme Lost status
660.28/HOU/195912015-04-022015-04-022015-04-02Central Library, BUET660_280000000000000_HOU_1959General Book17488Circulation section Central Library, BUET    
660.28/HOU/195922015-05-112015-05-112015-05-11Central Library, BUET660_280000000000000_HOU_1959General Book11360Circulation section Central Library, BUET    
660.284/HOU/196032015-05-122015-05-122015-05-12Central Library, BUET660_284000000000000_HOU_1960General Book1044Circulation section Central Library, BUET    
660.284/HOU/196042015-05-122015-05-122015-05-12Central Library, BUET660_284000000000000_HOU_1960General Book510Circulation section Central Library, BUET    
660.284/HOU/196052015-05-182015-05-182015-05-18Central Library, BUET660_284000000000000_HOU_1960General Book511Circulation section Central Library, BUET    
660.284/HOU/196062015-05-182015-05-182015-05-18Central Library, BUET660_284000000000000_HOU_1960General Book1045Circulation section Central Library, BUET    
660.28/HOU/196972015-06-202015-06-202015-06-20Central Library, BUET660_280000000000000_HOU_1969Reading Item11359Reading section Central Library, BUET